Técnicas de producción frutal orgánica

Αποθηκεύτηκε σε:
Λεπτομέρειες βιβλιογραφικής εγγραφής
Συλλογικό Έργο: Fundación para la Innovación Agricola (Συγγραφέας), Institución de Investigaciones para la Agricultura Orgánica (Συγγραφέας), Agrupación de Agricultura Orgánica de Chile (Συγγραφέας)
Μορφή: Βιβλίο
Γλώσσα:Ισπανικά
Έκδοση: Santiago FIA 2003
Santiago FIBL 2003
Santiago AAOCH 2003
Θέματα:
Ετικέτες: Προσθήκη ετικέτας
Δεν υπάρχουν, Καταχωρήστε ετικέτα πρώτοι!

MARC

LEADER 00000nam a2200000 a 4500
001 UCI8170
003 CL-VaPUC
008 080807e20030000cl |||||||||||||||||spa|d
082 0 4 |a 634.1  |b FUN  |2 21 
110 2 |a Fundación para la Innovación Agricola  |e author  |9 531645 
710 2 |a Institución de Investigaciones para la Agricultura Orgánica  |e author  |9 531646 
710 2 |a Agrupación de Agricultura Orgánica de Chile  |e author  |9 531647 
245 1 0 |a Técnicas de producción frutal orgánica 
300 |a v 
942 |c BK 
945 |d 20080807 00:00:00  |a jtorresc 
260 |a Santiago  |b FIA  |c 2003 
260 |a Santiago  |b FIBL  |c 2003 
260 |a Santiago  |b AAOCH  |c 2003 
500 |a v.1: Diseño y establecimiento de huertos frutales de alta densidad: pomáceas y carozos 
500 |a v.2: Manejo de huertos frutales de alta densidad: pomáceas y carozos 
650 0 |a Árboles frutales   |9 264297 
650 7 |a EXPORTACIONES  |2 CL-VaPUC  |9 255382 
650 0 |a Comercialización   |9 259326 
650 0 |a Cultivo  |9 264268 
650 7 |a PRODUCCION AGRARIA  |2 CL-VaPUC  |9 531648 
650 0 |a Control de plagas  |9 327373 
650 7 |a FERTILIZACION DEL SUELO  |2 CL-VaPUC  |9 531649 
583 |a last modification  |c 20171010 05:34:23  |k Rodrigo Vera 
999 |c 331192  |d 331190 
952 |0 0  |1 0  |4 0  |6 634_100000000000000_FUN_2003_2003_2003  |7 0  |8 A  |9 417415  |a BIBAGR  |b BIBAGR  |d 2019-11-22  |h v.1  |i 447161K  |o 634.1 FUN 2003 2003 2003  |p 447161K  |r 2025-01-20  |w 2019-11-22  |y BK  |k AGR 
952 |0 0  |1 0  |4 0  |6 634_100000000000000_FUN_2003_2003_2003  |7 0  |8 A  |9 417416  |a BIBAGR  |b BIBAGR  |d 2019-11-22  |h v.2  |i 4471628  |o 634.1 FUN 2003 2003 2003  |p 4471628  |r 2025-01-20  |w 2019-11-22  |y BK  |k AGR